Fundamentos de veeduría: veeduría para todos

Saved in:
Bibliographic Details
Main Authors: Mafla Arango, Maximino (autor), Avila Mejía, Armando (Author)
Other Authors: Montilla Galvis, Omar de Jesús (autor)
Format: Book
Language:Spanish
Published: Cali Artes Gráficas del Valle 2001
Edition:1a. ed
Subjects:
Tags: Add Tag
No Tags, Be the first to tag this record!

MARC

LEADER 00000nam a2200000 a 4500
001 UCG5005
003 CL-VaPUC
008 101216e20010000CK |||||||||||||||||spa|d
020 |a 958332437X 
082 0 4 |a 355.685  |b MAF  |2 21 
100 |a Mafla Arango, Maximino  |e autor  |9 554506 
700 |a Montilla Galvis, Omar de Jesús  |e autor  |9 554514 
700 0 |a Avila Mejía, Armando  |e author  |9 554501 
245 1 0 |a Fundamentos de veeduría: veeduría para todos 
250 |a 1a. ed 
300 |a 216 p 
942 |c BK 
945 |d 20101216 00:00:00  |a dcastane 
260 |a Cali  |b Artes Gráficas del Valle  |c 2001 
650 0 |a Veeduría  |9 851085 
650 0 |a Administración  |9 259325 
650 7 |a INSPECCION  |2 CL-VaPUC  |9 406200 
650 7 |a LEGISLACION  |2 CL-VaPUC  |9 554503 
651 0 |a Colombia  |9 256424 
583 |a last modification  |c 20101216 00:00:00  |k Rodrigo Vera 
999 |c 343579  |d 343577 
952 |0 0  |1 0  |4 0  |6 355_685000000000000_MAF_2001  |7 0  |8 A  |9 440994  |a BIBDER  |b BIBDER  |d 2019-11-22  |i 4743814  |o 355.685 MAF 2001  |p 4743814  |r 2023-01-25  |w 2019-11-22  |y BK  |k DER